Catalog

Record Details

Catalog Search



Available copies

  • 1 of 1 copy available at LARL/NWRL Consortium.
  • 1 of 1 copy available at Lake Agassiz Regional Library. (Show preferred library)

Current holds

0 current holds with 1 total copy.

Show All Copies
Location Call Number / Copy Notes Barcode Shelving Location Status Due Date
Detroit Lakes Public Library LARGE PRINT THO (Text) 33500013871629 Main Available -

Record details

  • ISBN: 9798885789844
  • Physical Description: 605 pages (large print) ; 23 cm.
  • Edition: Large print edition.
  • Publisher: Waterville, ME : Thorndike Press, a part of Gale, a Cengage Company, 2023.

Content descriptions

General Note:
Sequel to: Rising tiger.
Summary, etc.:
"In the war-ravaged borderlands of Ukraine, a ... Read More
Subject: Harvath, Scot (Fictitious character) > Fiction.
Intelligence officers > Fiction.
Mercenary troops > Fiction.
War crimes > Fiction.
Spies > United States > Fiction.
Ukraine > History > Russian Invasion, 2022- > Fiction.
Ukraine > Fiction.
Genre: Thrillers (Fiction)
Spy fiction.
War fiction.
Political fiction.
Large print books.
LDR 02686cam a2200541 i 4500
001422663
003LARL_NWRL_CONSORTIUM
00520230915151701.0
008230505t20232023meu ed 000 1 eng d
007tb
040 . ‡aETC ‡beng ‡erda ‡cETC ‡dRNL ‡dJNE ‡dIL2 ‡dOJ4 ‡dBKL ‡dHQD ‡dILC ‡dIMT ‡dOCO ‡dVP@
019 . ‡a1389275213 ‡a1390799833 ‡a1393115229 ‡a1393191926
020 . ‡a9798885789844 ‡q(large print ; ‡qhardcover alk. paper)
035 . ‡a(OCoLC)1393191353 ‡z(OCoLC)1389275213 ‡z(OCoLC)1390799833 ‡z(OCoLC)1393115229 ‡z(OCoLC)1393191926
037 . ‡bThorndike Pr, C/O Gale Group Po Box 9187, Farmington Hills, MI, USA, 48331-3535, (248)6994253 ‡nSAN 213-4373
043 . ‡ae-un---
08204. ‡a813/.6 ‡223
1001 . ‡aThor, Brad, ‡eauthor. ‡0(LARL_NWRL_CONSORTIUM)131647
24510. ‡aDead fall / ‡cBrad Thor.
250 . ‡aLarge print edition.
264 1. ‡aWaterville, ME : ‡bThorndike Press, a part of Gale, a Cengage Company, ‡c2023.
264 4. ‡c©2023
300 . ‡a605 pages (large print) ; ‡c23 cm.
336 . ‡atext ‡btxt ‡2rdacontent
337 . ‡aunmediated ‡bn ‡2rdamedia
338 . ‡avolume ‡bnc ‡2rdacarrier
340 . ‡nlarge print (16 point) ‡2rdafs
380 . ‡aFiction ‡2marcgt
4900 . ‡aScot Harvath ; ‡v22
500 . ‡aSequel to: Rising tiger.
520 . ‡a"In the war-ravaged borderlands of Ukraine, a Russian military unit has gone rogue. Its members, conscripted from the worst prisons and mental asylums across Russia, are the most violent, dangerous combatants to ever set foot upon the modern battlefield. As they move from village to village, they meet little resistance as all able-bodied men are off fighting the war. When multiple American aid workers are killed, America's top spy is sent in to settle the score. But in a country almost the size of Texas, will Harvath be able to find the men in question and, more importantly, will he be able to stop them before they can kill again? -- ‡cBack cover.
60010. ‡aHarvath, Scot ‡c(Fictitious character) ‡vFiction.
650 0. ‡aIntelligence officers ‡vFiction. ‡0(LARL_NWRL_CONSORTIUM)165203
650 0. ‡aMercenary troops ‡vFiction. ‡0(LARL_NWRL_CONSORTIUM)166185
650 0. ‡aWar crimes ‡vFiction.
650 0. ‡aSpies ‡zUnited States ‡vFiction.
651 0. ‡aUkraine ‡xHistory ‡yRussian Invasion, 2022- ‡vFiction.
651 0. ‡aUkraine ‡vFiction.
655 7. ‡aThrillers (Fiction) ‡2lcgft
655 7. ‡aSpy fiction. ‡2lcgft
655 7. ‡aWar fiction. ‡2lcgft
655 7. ‡aPolitical fiction. ‡2lcgft
655 7. ‡aLarge print books. ‡2lcgft
901 . ‡a422663 ‡b ‡c422663 ‡tbiblio

Additional Resources